[Event "Outaouais-ch"]
[Site "Gatineau CAN"]
[Date "2022.06.15"]
[Round "7"]
[White "Bastien, Andre"]
[Black "Azar, Sebastien"]
[Result "0-1"]
[WhiteElo "1765"]
[BlackElo "1934"]
[PlyCount "92"]
[EventDate "2022.05.03"]
[EventType "tourn"]
[EventRounds "7"]
[EventCountry "CAN"]

1. d4 Nf6 2. c4 e6 3. Nc3 d5 4. Bg5 Nbd7 5. Nf3 c6 6. e3 Qa5 7. Nd2 Bb4 8. Bxf6
Nxf6 9. Qc2 O-O 10. Bd3 Re8 11. O-O e5 12. dxe5 Rxe5 13. Nb3 Qc7 14. cxd5 Rh5
15. g3 Bxc3 16. Qxc3 Qd7 17. f3 Nxd5 18. Qd2 Qe7 19. Rfe1 Bd7 20. a3 Re8 21. e4
Nb6 22. Qf2 Rd8 23. Rac1 Be6 24. Nd4 Rh6 25. Nxe6 Rxe6 26. Be2 Rd2 27. b4 f5
28. Qe3 Red6 29. Red1 Rxd1+ 30. Rxd1 Rxd1+ 31. Bxd1 fxe4 32. Qxe4 Qxe4 33. fxe4
Kf7 34. Kf2 Kf6 35. Bb3 Ke5 36. Ke3 Nc8 37. Bg8 h6 38. Bb3 Nd6 39. a4 Nxe4 40.
Bc2 Nf6 41. Kd3 Nd5 42. Bb3 Nxb4+ 43. Kc4 Na6 44. Bc2 Nc7 45. a5 Nd5 46. Kc5
b6+ 0-1

[Event "Outaouais-ch"]
[Site "Gatineau CAN"]
[Date "2022.06.14"]
[Round "7"]
[White "Dupont-Mageau, Nicolas"]
[Black "Latreille, Etienne"]
[Result "1/2-1/2"]
[WhiteElo "1732"]
[BlackElo "1866"]
[PlyCount "68"]
[EventDate "2022.05.03"]
[EventType "tourn"]
[EventRounds "7"]
[EventCountry "CAN"]

1. e4 d5 2. exd5 Qxd5 3. Nf3 Bg4 4. Nc3 Qe6+ 5. Qe2 Qxe2+ 6. Bxe2 Nc6 7. h3
Bxf3 8. Bxf3 Nd4 9. Bxb7 Rb8 10. Be4 f5 11. Bd3 e5 12. Ne2 g6 13. Nxd4 exd4 14.
b3 Ne7 15. Bb2 Bg7 16. c3 a5 17. cxd4 a4 18. Bc4 c5 19. d3 Nc6 20. O-O-O Nxd4
21. Bxd4 Bxd4 22. Rhe1+ Kd7 23. Re2 Rhe8 24. Rxe8 Kxe8 25. Re1+ Kf8 26. Re2
axb3 27. Bxb3 Rb7 28. f3 Kg7 29. g4 Kf6 30. f4 h6 31. Re6+ Kg7 32. Re8 Bf2 33.
Rg8+ Kh7 34. Rf8 Be3+ 1/2-1/2

[Event "Outaouais-ch"]
[Site "Gatineau CAN"]
[Date "2022.06.14"]
[Round "7"]
[White "Guimond, Michel"]
[Black "Desjardins, Michel"]
[Result "1/2-1/2"]
[WhiteElo "1936"]
[BlackElo "1797"]
[PlyCount "87"]
[EventDate "2022.05.03"]
[EventType "tourn"]
[EventRounds "7"]
[EventCountry "CAN"]

1. e4 e6 2. d4 d5 3. e5 c5 4. c3 Qb6 5. Bd3 Bd7 6. Ne2 cxd4 7. cxd4 Bb5 8.
Bxb5+ Qxb5 9. Nbc3 Qb6 10. O-O Ne7 11. Na4 Qc7 12. Bg5 Nec6 13. Nf4 Be7 14. Qg4
h6 15. Bxe7 Nxe7 16. Qxg7 Rg8 17. Qxh6 Nbc6 18. Qh7 Nxd4 19. Nd3 O-O-O 20. Rac1
Ne2+ 21. Kh1 Nxc1 22. Rxc1 Nc6 23. b4 a6 24. Qh6 Qe7 25. Qe3 Qg5 26. Nf4 d4 27.
Qe4 Kb8 28. Rxc6 bxc6 29. Qxc6 Qe7 30. Nc5 Rc8 31. Qb6+ Ka8 32. Qxa6+ Qa7 33.
Qxa7+ Kxa7 34. Nfd3 Kb6 35. a4 Rgd8 36. g3 Rxc5 37. bxc5+ Kc6 38. Kg2 Ra8 39.
Kf3 Kd5 40. h4 Rxa4 41. g4 Ra3 42. Ke2 Ra2+ 43. Kf3 Ra3 44. Ke2 1/2-1/2

[Event "Outaouais-ch"]
[Site "Gatineau CAN"]
[Date "2022.06.14"]
[Round "7"]
[White "Raymond, Daniel"]
[Black "Fang, Zhou"]
[Result "0-1"]
[WhiteElo "1803"]
[BlackElo "1735"]
[PlyCount "78"]
[EventDate "2022.05.03"]
[EventType "tourn"]
[EventRounds "7"]
[EventCountry "CAN"]

1. e4 c5 2. Nf3 Nc6 3. d4 cxd4 4. Nxd4 Nf6 5. Nc3 e5 6. Nf3 d6 (6... Bb4) 7.
Bg5 Be7 8. Be2 Be6 9. O-O a6 10. Qd2 h6 11. Bxf6 gxf6 12. Nd5 Bxd5 13. Qxd5 Qd7
14. Nh4 Nd4 15. Bd1 Rc8 16. c3 (16. c3 Rc5 17. Ba4 Qxa4 18. Qxb7 Ne2+) 16...
Rc5 17. Ba4 Qxa4 18. Qxb7 Ne6 19. Qb8+ Nd8 20. Nf5 Qxe4 21. Nxd6+ Bxd6 22. Qxd6
Rc6 23. Qd2 Ne6 24. Rad1 Kf8 25. Rfe1 Qg6 26. Re3 Qh5 27. Rh3 Qg5 28. Qe1 Rc4
29. Qf1 Rg4 30. f3 Qe3+ 31. Kh1 Rg6 32. Qxa6 Nf4 33. Qd6+ Kg7 34. Rg3 Rxg3 35.
hxg3 Ne2 36. Qd3 Nxg3+ 37. Kh2 Qf2 38. Kh3 Ne2 39. Kg4 Qg3+ 0-1

[Event "Outaouais-ch Reserve"]
[Site "Gatineau CAN"]
[Date "2022.04.03"]
[Round "1"]
[White "Bilodeau, Victor"]
[Black "Paquette, Simon"]
[Result "1-0"]
[WhiteElo "1575"]
[BlackElo "1246"]
[PlyCount "57"]
[EventDate "2022.05.03"]
[EventType "swiss"]
[EventRounds "7"]
[EventCountry "CAN"]

1. d4 d5 2. Nf3 Nf6 3. Bf4 e6 4. e3 c5 5. c3 Nc6 6. Bd3 Be7 7. O-O O-O 8. Nbd2
Qa5 9. Re1 Bd7 10. Nb3 Qb6 11. dxc5 Bxc5 12. Nxc5 Qxc5 13. Qc2 g6 14. Ne5 Nxe5
15. Bxe5 Ne4 16. Bxe4 dxe4 17. Qxe4 Bc6 18. Qf4 Rad8 19. Qf6 Qxe5 20. Qxe5 Rd2
21. b3 Rfd8 22. Qg5 R8d5 23. Qg4 a5 24. Red1 a4 25. Rxd2 Rxd2 26. bxa4 f5 27.
Qb4 Bd5 28. c4 Be4 29. Qxd2 1-0

[Event "Outaouais-ch Reserve"]
[Site "Gatineau CAN"]
[Date "2022.05.03"]
[Round "1"]
[White "Chenard, Paul"]
[Black "Lecorre, Joel"]
[Result "0-1"]
[WhiteElo "1150"]
[BlackElo "1519"]
[PlyCount "50"]
[EventDate "2022.05.03"]
[EventType "swiss"]
[EventRounds "7"]
[EventCountry "CAN"]

1. e4 e6 2. Nf3 d5 3. Nc3 c5 4. d4 Nc6 5. exd5 exd5 6. Qe2+ Be6 7. Ng5 Nxd4 8.
Qd3 Be7 9. Be3 Bxg5 10. O-O-O Nc6 11. Kb1 d4 12. Bxg5 Qxg5 13. Qb5 O-O-O 14.
Ne4 Bxa2+ 15. Ka1 Qd5 16. Nxc5 b6 17. Qa6+ Kc7 18. Qb7+ Kd6 19. Nd3 Nb4 20.
Qxd5+ Bxd5 21. Nxb4 Kc5 22. Nd3+ Kd6 23. Nf4 Re8 24. Rxd4 Re1+ 25. Rd1 Rxd1#
0-1

[Event "Outaouais-ch Reserve"]
[Site "Gatineau CAN"]
[Date "2022.05.03"]
[Round "1"]
[White "Fiset, Anais Chloe"]
[Black "Roussel-Lewis, Mathieu"]
[Result "1-0"]
[WhiteElo "1726"]
[BlackElo "1273"]
[PlyCount "59"]
[EventDate "2022.05.03"]
[EventType "swiss"]
[EventRounds "7"]
[EventCountry "CAN"]

1. e4 c5 2. Nf3 d6 3. Bb5+ Bd7 4. Bxd7+ Nxd7 5. a4 Ngf6 6. Nc3 g6 7. O-O Bg7 8.
d4 cxd4 9. Nxd4 O-O 10. Re1 a6 11. a5 e5 12. Nb3 Qc7 13. Be3 b6 14. h3 Nc5 15.
axb6 Qc6 16. Bxc5 dxc5 17. Qe2 Qb7 18. Na4 Nd7 19. Naxc5 Nxc5 20. Nxc5 Qc6 21.
b7 Ra7 22. b4 Rxb7 23. Nxb7 Qxb7 24. c3 Ra8 25. Ra5 f6 26. Rea1 Bf8 27. Rxa6
Rxa6 28. Qc4+ Kg7 29. Rxa6 Qd7 30. Qd5 1-0

[Event "Outaouais-ch Reserve"]
[Site "Gatineau CAN"]
[Date "2022.05.03"]
[Round "1"]
[White "Hamon, Jean-Philippe"]
[Black "Rioux, Jocelyn"]
[Result "0-1"]
[WhiteElo "1200"]
[BlackElo "1568"]
[PlyCount "78"]
[EventDate "2022.05.03"]
[EventType "swiss"]
[EventRounds "7"]
[EventCountry "CAN"]

1. d4 d5 2. Nc3 Nf6 3. Bf4 e6 4. e3 c5 5. Bb5+ Nc6 6. Bxc6+ bxc6 7. Nge2 Bd6 8.
Be5 cxd4 9. Qxd4 O-O 10. O-O-O c5 11. Qf4 Nh5 12. Bf6 Nxf4 13. Bxd8 Nxe2+ 14.
Nxe2 Rxd8 15. c3 a5 16. a4 Bd7 17. b3 c4 18. Nd4 cxb3 19. Nxb3 Bxa4 20. Kc2
Rdb8 21. Rb1 Rb6 22. g3 Rab8 23. Rhd1 Bxb3+ 24. Rxb3 Rxb3 25. e4 Rb2+ 26. Kd3
Rb1 27. Rxb1 Rxb1 28. exd5 exd5 29. Kc2 Rb8 30. f4 a4 31. h4 a3 32. Kd3 a2 33.
c4 dxc4+ 34. Kxc4 a1=Q 35. Kd5 Qd1+ 36. Kc6 Rc8+ 37. Kd7 Rc7+ 38. Ke8 Qa4+ 39.
Kd8 Qa8# 0-1

[Event "Outaouais-ch Reserve"]
[Site "Gatineau CAN"]
[Date "2022.05.03"]
[Round "1"]
[White "Jacques, Olivier"]
[Black "Seguin, Hubert"]
[Result "0-1"]
[WhiteElo "1155"]
[BlackElo "1541"]
[PlyCount "98"]
[EventDate "2022.05.03"]
[EventType "swiss"]
[EventRounds "7"]
[EventCountry "CAN"]

1. e4 c5 2. c3 g6 3. d4 cxd4 4. cxd4 Bg7 5. Nf3 Nf6 6. Nc3 d6 7. Be2 O-O 8. O-O
Nc6 9. Re1 a6 10. a4 e5 11. d5 Ne7 12. b3 Bd7 13. Bb2 Rc8 14. Nd2 Kh8 15. a5
Ne8 16. Nf3 f5 17. Bd3 f4 18. Qd2 Ng8 19. Rec1 g5 20. Bf1 g4 21. Ne1 f3 22. Qd3
Qf6 23. g3 h5 24. Rc2 h4 25. Bc1 hxg3 26. hxg3 Bh6 27. Be3 Bg5 28. Qd2 Bxe3 29.
Qxe3 Qg6 30. Rac1 Rf7 31. Ng2 fxg2 32. Bxg2 Qh5 33. Kf1 Rxc3 34. Rxc3 Bb5+ 35.
Ke1 Qh2 36. Bf1 Qh1 37. Kd2 Bxf1 38. Kc2 Qg2 39. Kb1 Rxf2 40. R3c2 Rxc2 41.
Rxc2 Qh3 42. Rc8 Bb5 43. Rb8 Qf1+ 44. Kb2 Qf3 45. Qg1 Qxe4 46. Rxb7 Qd4+ 47.
Qxd4 exd4 48. b4 Ngf6 49. Kc2 Nxd5 0-1

[Event "Outaouais-ch Reserve"]
[Site "Gatineau CAN"]
[Date "2022.05.03"]
[Round "1"]
[White "Labelle, Raymond"]
[Black "Simchowitz, Wladimir"]
[Result "1-0"]
[WhiteElo "1536"]
[BlackElo "1150"]
[PlyCount "41"]
[EventDate "2022.05.03"]
[EventType "swiss"]
[EventRounds "7"]
[EventCountry "CAN"]

1. e4 d6 2. d4 c6 3. h3 Nd7 4. Nf3 b6 5. Bd3 Bb7 6. Nc3 g6 7. Be3 Bg7 8. Qd2 e6
9. Bg5 Ne7 10. Bh6 O-O 11. Bxg7 Kxg7 12. Ng5 d5 13. e5 c5 14. Qf4 Qb8 15. Qh4
Rh8 16. Nxe6+ fxe6 17. Qxe7+ Kg8 18. Qxe6+ Kf8 19. Qxd7 cxd4 20. e6 Bc8 21.
Qf7# 1-0

[Event "Outaouais-ch Reserve"]
[Site "Gatineau CAN"]
[Date "2022.05.03"]
[Round "1"]
[White "Masse-Garneau, Anthony"]
[Black "Mailhot, Michel"]
[Result "1-0"]
[WhiteElo "1547"]
[BlackElo "1160"]
[PlyCount "57"]
[EventDate "2022.05.03"]
[EventType "swiss"]
[EventRounds "7"]
[EventCountry "CAN"]

1. e4 e5 2. Nf3 Nc6 3. Bc4 Nf6 4. Nc3 Bb4 5. d3 Ne7 6. Nxe5 O-O 7. O-O c5 8.
Bg5 d6 9. Bxf6 gxf6 10. Ng4 f5 11. Nh6+ Kg7 12. Qh5 Ng6 13. Nxf5+ Bxf5 14. Qxf5
Qf6 15. Qxf6+ Kxf6 16. Nd5+ Ke5 17. f4+ Ke6 18. Nxb4+ Kd7 19. Nd5 Rad8 20. a4
f5 21. Rae1 a6 22. a5 b5 23. axb6 Rf7 24. b7 Rg7 25. exf5 Rdg8 26. Nf6+ Kc7 27.
Nxg8 Rxg8 28. Bxg8 Kxb7 29. fxg6 1-0

[Event "Outaouais-ch Reserve"]
[Site "Gatineau CAN"]
[Date "2022.05.03"]
[Round "1"]
[White "Piche, Danielle"]
[Black "Legault, Stephane"]
[Result "0-1"]
[WhiteElo "934"]
[BlackElo "1460"]
[PlyCount "88"]
[EventDate "2022.05.03"]
[EventType "swiss"]
[EventRounds "7"]
[EventCountry "CAN"]

1. e4 e5 2. Nf3 Nc6 3. Nc3 Nf6 4. Bc4 Bc5 5. d3 O-O 6. Be3 Bxe3 7. fxe3 d6 8.
O-O Na5 9. b3 Nxc4 10. dxc4 c6 11. a4 Qb6 12. Qe2 Qa5 13. Qd2 Be6 14. Rfd1 Rfd8
15. Ne2 Qc7 16. Qe1 Nxe4 17. Qh4 Bf5 18. Ng5 Nxg5 19. Qxg5 Bxc2 20. Rdc1 Bd3
21. Ng3 h6 22. Qg4 Rf8 23. Rf1 Bxf1 24. Rxf1 Qc8 25. h3 Qxg4 26. hxg4 d5 27.
Nf5 dxc4 28. bxc4 Rad8 29. Rb1 Rd7 30. Kh2 Kh7 31. Kh3 g6 32. Nh4 f5 33. Kg3
f4+ 34. Kf3 fxe3+ 35. Kxe3 Rf4 36. Rh1 Rxg4 37. Nf3 Rxg2 38. Nxe5 Re7 39. Kf3
Ra2 40. Ng4 Rf7+ 41. Kg3 h5 42. Nh2 Rxa4 43. Rf1 Rxf1 44. Nxf1 Rxc4 0-1

[Event "Outaouais-ch Reserve"]
[Site "Gatineau CAN"]
[Date "2022.05.03"]
[Round "1"]
[White "Rioux, Dany"]
[Black "Brault, Jean-Francois"]
[Result "0-1"]
[WhiteElo "1063"]
[BlackElo "1495"]
[PlyCount "64"]
[EventDate "2022.05.03"]
[EventType "swiss"]
[EventRounds "7"]
[EventCountry "CAN"]

1. e4 c5 2. Nc3 g6 3. Nf3 Bg7 4. Bc4 Nc6 5. d3 e6 6. Bg5 Qb6 7. Qd2 Qxb2 8. Rd1
Bxc3 9. O-O Bxd2 10. Nxd2 a5 11. Rc1 Nd4 12. Rfe1 Ne2+ 13. Rxe2 Qxc1+ 14. Nf1
Qxg5 15. Ng3 e5 16. Bd5 Ne7 17. c4 Rb8 18. a4 Nc6 19. Re1 d6 20. Rb1 Nb4 21.
Rd1 h5 22. f3 h4 23. Ne2 h3 24. Kf2 Qxg2+ 25. Ke3 Qxh2 26. Kd2 Qg2 27. Rg1 Qxg1
28. Nxg1 h2 29. Ne2 h1=Q 30. Kc3 Qe1+ 31. Kb3 Qb1+ 32. Kc3 Qc2# 0-1

[Event "Outaouais-ch Reserve"]
[Site "Gatineau CAN"]
[Date "2022.05.03"]
[Round "1"]
[White "Rioux, Marco"]
[Black "Xu, Jerry"]
[Result "1-0"]
[WhiteElo "1500"]
[BlackElo "1065"]
[PlyCount "31"]
[EventDate "2022.05.03"]
[EventType "swiss"]
[EventRounds "7"]
[EventCountry "CAN"]

1. e4 c5 2. Nf3 d6 3. Nc3 Nf6 4. Bb5+ Bd7 5. Bxd7+ Nbxd7 6. d3 e6 7. Be3 Be7 8.
Qe2 d5 9. exd5 exd5 10. O-O-O d4 11. Nxd4 cxd4 12. Bxd4 O-O 13. Rhe1 Re8 14. h4
Nb8 15. Bxf6 Bxf6 16. Qxe8+ 1-0

[Event "Outaouais-ch Reserve"]
[Site "Gatineau CAN"]
[Date "2022.05.03"]
[Round "1"]
[White "Simard, Paul"]
[Black "Obayojie, Emmanuel"]
[Result "0-1"]
[WhiteElo "1252"]
[BlackElo "1670"]
[PlyCount "46"]
[EventDate "2022.05.03"]
[EventType "swiss"]
[EventRounds "7"]
[EventCountry "CAN"]
[TimeControl "90/30:0"]

1. d4 d5 2. Bf4 Nf6 3. e3 Nc6 4. Nf3 e6 5. Nbd2 Be7 6. c4 Bb4 7. a3 Bd6 8. Bxd6
Qxd6 9. Be2 O-O 10. O-O Re8 11. Re1 Ne4 12. c5 Qe7 13. Bd3 Ng5 14. Nxg5 Qxg5
15. Nf3 Qf6 16. Qc2 h6 17. b4 e5 18. dxe5 Nxe5 19. Nxe5 Rxe5 20. Rad1 Bh3 21.
gxh3 Qf3 22. Qe2 Rg5+ 23. Kf1 Qg2# 0-1

[Event "Outaouais-ch Reserve"]
[Site "Gatineau CAN"]
[Date "2022.05.03"]
[Round "1"]
[White "Thompson, Francis"]
[Black "Simchowitz, Yves"]
[Result "1-0"]
[WhiteElo "1487"]
[BlackElo "1061"]
[PlyCount "63"]
[EventDate "2022.05.03"]
[EventType "swiss"]
[EventRounds "7"]
[EventCountry "CAN"]

1. e4 e5 2. Nf3 Nc6 3. c3 Nf6 4. d4 exd4 5. e5 Qe7 6. cxd4 d5 7. Be2 Ne4 8. O-O
Bf5 9. Nc3 Qe6 10. Nxe4 Bxe4 11. Ng5 Qd7 12. Nxe4 dxe4 13. Be3 h5 14. e6 fxe6
15. Bxh5+ Kd8 16. Qg4 Ne7 17. Qg5 Qd5 18. Bg4 Qxg5 19. Bxg5 Kd7 20. Rfe1 Nc6
21. Rxe4 Re8 22. d5 Nd8 23. dxe6+ Nxe6 24. Rae1 Bd6 25. g3 Kc6 26. Rxe6 Rxe6
27. Rxe6 b6 28. Bf4 Rd8 29. Bxd6 cxd6 30. Re7 Ra8 31. Rxg7 a5 32. Bf3+ 1-0

[Event "Outaouais-ch Reserve"]
[Site "Gatineau CAN"]
[Date "2022.05.10"]
[Round "2"]
[White "Brault, Jean-Francois"]
[Black "Bilodeau, Victor"]
[Result "0-1"]
[WhiteElo "1496"]
[BlackElo "1575"]
[PlyCount "100"]
[EventDate "2022.05.03"]
[EventType "swiss"]
[EventRounds "7"]
[EventCountry "CAN"]
[TimeControl "90/30:0"]

1. c4 c5 2. Nc3 Nc6 3. g3 b6 4. Bg2 Bb7 5. e3 g6 6. Nf3 Bg7 7. O-O Nf6 8. d4
cxd4 9. exd4 d6 10. Re1 O-O 11. Bg5 Re8 12. d5 Na5 13. Nd2 Ba6 14. b3 Nd7 15.
Rc1 f6 16. Be3 Ne5 17. Bf1 Bc8 18. Be2 Nb7 19. f4 Nf7 20. b4 Nh6 21. g4 f5 22.
h3 fxg4 23. hxg4 Qd7 24. Nb5 Rf8 25. Rf1 Nxg4 26. Bxg4 Qxg4+ 27. Qxg4 Bxg4 28.
Kg2 Nd8 29. Kg3 Bf5 30. Nd4 Bd7 31. Rf2 Nf7 32. N2f3 Nh6 33. Rh1 Ng4 34. Re2
Nxe3 35. Rxe3 Rf7 36. Ne6 Bxe6 37. dxe6 Rf6 38. Ng5 h5 39. Re4 Raf8 40. Nf7 Kh7
41. Ng5+ Kg8 42. Nf7 Rf5 43. Rd1 Rc8 44. Rd3 a5 45. b5 Rfc5 46. Kh4 Bf6+ 47.
Ng5 Rxc4 48. Rxc4 Rxc4 49. Kg3 Bxg5 50. fxg5 Rg4+ 0-1

[Event "Outaouais-ch Reserve"]
[Site "Gatineau CAN"]
[Date "2022.05.10"]
[Round "2"]
[White "Carabineanu, Marcel"]
[Black "Rioux, Dany"]
[Result "0-1"]
[WhiteElo "1277"]
[BlackElo "1063"]
[PlyCount "54"]
[EventDate "2022.05.03"]
[EventType "swiss"]
[EventRounds "7"]
[EventCountry "CAN"]

1. Nc3 e5 2. Nf3 Nc6 3. e4 Nf6 4. Bc4 Bc5 5. d3 d6 6. Bg5 Bg4 7. Qd2 Nd4 8.
Nxd4 Bxd4 9. f3 Bxc3 10. Qxc3 Be6 11. Bxe6 fxe6 12. Qc4 Qd7 13. Bxf6 gxf6 14.
O-O-O O-O-O 15. g4 d5 16. Qc5 dxe4 17. Qxa7 Qd5 18. dxe4 Qb5 19. Rxd8+ Rxd8 20.
Qa8+ Kd7 21. Rd1+ Kc6 22. Rxd8 Qb4 23. Rd3 Qe1+ 24. Rd1 Qe3+ 25. Kb1 Qc5 26.
Rd3 Qg1+ 27. Rd1 Qxd1# 0-1

[Event "Outaouais-ch Reserve"]
[Site "Gatineau CAN"]
[Date "2022.05.10"]
[Round "2"]
[White "Chenard, Paul"]
[Black "Medeiros, Joshua"]
[Result "0-1"]
[WhiteElo "1150"]
[BlackElo "1439"]
[PlyCount "97"]
[EventDate "2022.05.03"]
[EventType "swiss"]
[EventRounds "7"]
[EventCountry "CAN"]

1. e4 e5 2. Nf3 d5 3. Nc3 d4 4. Nd5 c6 5. Nb4 Bxb4 6. a3 Bd6 7. b4 Bg4 8. Be2
Bxf3 9. Bxf3 a5 10. b5 cxb5 11. Be2 b4 12. Bb2 bxa3 13. Bxa3 Bxa3 14. Rxa3 Qd6
15. Bb5+ Nc6 16. Qa1 Nf6 17. O-O O-O 18. f3 Nb4 19. Rc1 b6 20. c3 dxc3 21. Qxc3
Qd4+ 22. Kf1 Qxc3 23. Raxc3 Na6 24. Rc6 Nd7 25. Rd6 Nac5 26. Bxd7 Nxd7 27. Rxd7
a4 28. Rd5 f6 29. Ke2 a3 30. Rc7 Rf7 31. Rc1 a2 32. Ra1 Rc7 33. Rb5 Ra6 34. Rb2
Rca7 35. g4 h6 36. Kd3 Ra3+ 37. Kc4 Rxf3 38. Rxb6 Rf4 39. d3 Rxg4 40. Kb3 Rg2
41. h3 Rg3 42. Rc6 Rxd3+ 43. Rc3 Rxc3+ 44. Kxc3 Ra3+ 45. Kb2 Rf3 46. Rxa2 Rf2+
47. Ka1 Rxa2+ 48. Kxa2 h5 49. Kb2 0-1

[Event "Outaouais-ch Reserve"]
[Site "Gatineau CAN"]
[Date "2022.05.10"]
[Round "2"]
[White "Lavergne, Daniel"]
[Black "Fiset, Daniel"]
[Result "1-0"]
[WhiteElo "1743"]
[BlackElo "1299"]
[PlyCount "33"]
[EventDate "2022.05.03"]
[EventType "swiss"]
[EventRounds "7"]
[EventCountry "CAN"]

1. d4 d5 2. Nf3 Nf6 3. e3 e6 4. c4 Be7 5. Nc3 c6 6. Bd3 Bb4 7. Bd2 Nbd7 8. cxd5
Nxd5 9. O-O Nxc3 10. bxc3 Ba5 11. e4 Nf6 12. e5 Nd5 13. c4 Nc3 14. Qc2 Nd5 15.
cxd5 Qxd5 16. Bxa5 Qxa5 17. Bxh7 1-0

[Event "Outaouais-ch Reserve"]
[Site "Gatineau CAN"]
[Date "2022.05.10"]
[Round "2"]
[White "Obayojie, Emmanuel"]
[Black "Thompson, Francis"]
[Result "0-1"]
[WhiteElo "1670"]
[BlackElo "1487"]
[PlyCount "97"]
[EventDate "2022.05.03"]
[EventType "swiss"]
[EventRounds "7"]
[EventCountry "CAN"]
[TimeControl "90/30:0"]

1. e4 c5 2. Nf3 d6 3. Bc4 Nc6 4. Nc3 e6 5. d4 cxd4 6. Nxd4 a6 7. O-O Be7 8.
Nxc6 bxc6 9. Qg4 g6 10. Be3 Nf6 11. Qe2 h5 12. Rad1 Qa5 13. f4 O-O 14. f5 d5
15. Bb3 Bc5 16. fxg6 fxg6 17. Bxc5 Qxc5+ 18. Kh1 Bd7 19. e5 Ng4 20. Rd2 Rxf1+
21. Qxf1 Rf8 22. Qe1 Nf2+ 23. Rxf2 Qxf2 24. Qxf2 Rxf2 25. Kg1 Rf5 26. Na4 Rxe5
27. Nb6 Be8 28. c3 Re2 29. Nc8 Rxb2 30. Nd6 Bd7 31. h3 h4 32. c4 Kf8 33. cxd5
cxd5 34. Nb7 Ke7 35. Nc5 Bb5 36. Nb7 Bc4 37. Na5 Bxb3 38. axb3 e5 39. b4 Ke6
40. Nb7 Rxb4 41. Nc5+ Kf5 42. Nxa6 Rb2 43. Nc7 d4 44. Nd5 e4 45. Kf1 e3 46.
Ne7+ Kg5 47. Nc6 d3 48. Kg1 Rb1+ 49. Kh2 0-1

[Event "Outaouais-ch Reserve"]
[Site "Gatineau CAN"]
[Date "2022.05.10"]
[Round "2"]
[White "Rioux, Jocelyn"]
[Black "Lavoie, Aren"]
[Result "1-0"]
[WhiteElo "1568"]
[BlackElo "1387"]
[PlyCount "91"]
[EventDate "2022.05.03"]
[EventType "swiss"]
[EventRounds "7"]
[EventCountry "CAN"]

1. d4 d5 2. Bf4 Nf6 3. e3 e6 4. c3 c5 5. Nd2 Nbd7 6. Bd3 cxd4 7. exd4 Qb6 8.
Qb3 Nh5 9. Be3 f5 10. f4 Bd6 11. g3 Nhf6 12. Ngf3 Ng4 13. Bf2 O-O 14. h3 Nxf2
15. Kxf2 Nf6 16. Qxb6 axb6 17. Ne5 Ne4+ 18. Nxe4 fxe4 19. Bb5 Bxe5 20. dxe5 g5
21. Ke3 gxf4+ 22. gxf4 Rf7 23. Rhg1+ Kf8 24. Rg2 Bd7 25. Bxd7 Rxd7 26. Rag1 Re8
27. h4 b5 28. h5 Ke7 29. Rd2 Kd8 30. Rd4 Kc7 31. a4 bxa4 32. Rxa4 Rf8 33. c4
Rf5 34. cxd5 exd5 35. Rc1+ Kb6 36. Rb4+ Ka5 37. Rd4 Rxh5 38. Rc5+ b5 39. Rcxd5
Rxd5 40. Rxd5 Rh6 41. Kxe4 Rc6 42. f5 Rc4+ 43. Rd4 Rc1 44. f6 Rf1 45. Kd5 b4
46. Ke6 1-0

[Event "Outaouais-ch Reserve"]
[Site "Gatineau CAN"]
[Date "2022.05.10"]
[Round "2"]
[White "Rioux, Marco"]
[Black "Fiset, Anais Chloe"]
[Result "0-1"]
[WhiteElo "1500"]
[BlackElo "1726"]
[PlyCount "108"]
[EventDate "2022.05.03"]
[EventType "swiss"]
[EventRounds "7"]
[EventCountry "CAN"]

1. e4 d5 2. exd5 Qxd5 3. Nc3 Qa5 4. d3 Nf6 5. Nf3 Bg4 6. Be3 e6 7. Qd2 Bxf3 8.
gxf3 Bb4 9. a3 Bxc3 10. Qxc3 Qxc3+ 11. bxc3 Nc6 12. O-O-O O-O-O 13. Be2 Nd5 14.
Kd2 Nxe3 15. fxe3 Ne5 16. f4 Nc4+ 17. Ke1 Nxe3 18. Rc1 Ng2+ 19. Kd1 Nxf4 20.
Rf1 Nxe2 21. Kxe2 f6 22. h3 Rd5 23. c4 Rh5 24. Rf3 Rd8 25. Rd1 Rd4 26. c3 Rdh4
27. Rh1 f5 28. Ke3 g5 29. Kf2 Kd7 30. Re3 Rh6 31. Rg3 g4 32. Kg2 gxh3+ 33.
Rgxh3 Rxh3 34. Rxh3 Rxh3 35. Kxh3 h5 36. Kh4 f4 37. Kh3 Ke7 38. Kg2 Kf6 39. Kf3
Kg5 40. a4 h4 41. a5 h3 42. c5 e5 43. c4 c6 44. a6 bxa6 45. d4 exd4 46. Ke2 h2
47. Kd3 h1=Q 48. Ke2 f3+ 49. Kd2 f2 50. Kc2 f1=Q 51. Kb3 Qd3+ 52. Kb4 Qhb1+ 53.
Ka4 Qxc4+ 54. Ka5 Qbb5# 0-1

[Event "Outaouais-ch Reserve"]
[Site "Gatineau CAN"]
[Date "2022.05.10"]
[Round "2"]
[White "Roussel-Lewis, Mathieu"]
[Black "Piche, Danielle"]
[Result "1-0"]
[WhiteElo "1273"]
[BlackElo "934"]
[PlyCount "75"]
[EventDate "2022.05.03"]
[EventType "swiss"]
[EventRounds "7"]
[EventCountry "CAN"]

1. e4 e5 2. Nf3 Nc6 3. Bb5 Nf6 4. O-O Bc5 5. d3 d6 6. h3 O-O 7. Nc3 Bd7 8. Bg5
a6 9. Bxf6 Qxf6 10. Nd5 Qd8 11. Bc4 b5 12. Bb3 Be6 13. c3 Na5 14. d4 Ba7 15.
Bc2 c6 16. Ne3 Nc4 17. Nxc4 Bxc4 18. Re1 c5 19. dxe5 dxe5 20. Nxe5 Bb8 21. Nd7
Re8 22. Nxc5 Qh4 23. b3 Ba7 24. bxc4 Bxc5 25. Rf1 Re5 26. cxb5 axb5 27. Bb3
Rxe4 28. Bd5 Re7 29. Bxa8 g6 30. Bc6 Qc4 31. Qf3 b4 32. cxb4 Qxb4 33. Rab1 Qd2
34. Rbd1 Qxa2 35. Rd8+ Kg7 36. Qc3+ f6 37. Qxc5 Re2 38. Qf8# 1-0

[Event "Outaouais-ch Reserve"]
[Site "Gatineau CAN"]
[Date "2022.05.10"]
[Round "2"]
[White "Scantland, Patrick"]
[Black "Godbout, Elliott"]
[Result "1-0"]
[WhiteElo "1770"]
[BlackElo "1295"]
[PlyCount "73"]
[EventDate "2022.05.03"]
[EventType "swiss"]
[EventRounds "7"]
[EventCountry "CAN"]
[TimeControl "90/30:0"]

1. d4 Nf6 2. Nf3 e6 3. c4 d5 4. Nc3 Bb4 5. Bg5 h6 6. Bh4 Nbd7 7. Qc2 b6 8. Bxf6
Nxf6 9. Qa4+ Qd7 10. Qxb4 a5 11. Qb3 dxc4 12. Qc2 Bb7 13. e3 b5 14. Ne5 Qd6 15.
Nxb5 Qb4+ 16. Nc3 c5 17. a3 Qb3 18. Qxb3 cxb3 19. Bb5+ Ke7 20. O-O cxd4 21.
exd4 Rhd8 22. Rfd1 Nd5 23. Nxd5+ Bxd5 24. Rac1 f6 25. Rc7+ Kd6 26. Rd7+ Rxd7
27. Nxd7 a4 28. Rc1 Ra5 29. Rc5 Rxb5 30. Rxb5 Kxd7 31. Ra5 g5 32. Rxa4 Kc6 33.
g3 Be4 34. Kf1 Bd3+ 35. Ke1 Kd5 36. Kd2 Bc2 37. Ke3 1-0

[Event "Outaouais-ch Reserve"]
[Site "Gatineau CAN"]
[Date "2022.05.10"]
[Round "2"]
[White "Simchowitz, Yves"]
[Black "Simard, Paul"]
[Result "0-1"]
[WhiteElo "1061"]
[BlackElo "1252"]
[PlyCount "94"]
[EventDate "2022.05.03"]
[EventType "swiss"]
[EventRounds "7"]
[EventCountry "CAN"]

1. e4 c5 2. Bc4 e6 3. Nf3 Nf6 4. e5 Ng8 5. O-O d6 6. d3 dxe5 7. Nxe5 Nf6 8. Bg5
Be7 9. Nc3 a6 10. Qf3 O-O 11. Qe3 Qc7 12. f4 Nc6 13. Nxc6 Qxc6 14. Rae1 b5 15.
Qg3 bxc4 16. Bh6 Nh5 17. Qg4 g6 18. Bxf8 Bxf8 19. Ne4 cxd3 20. f5 exf5 21. Qf3
d2 22. Rd1 Qxe4 23. Qxe4 fxe4 24. Rxd2 Bf5 25. c3 Nf6 26. h3 c4 27. g4 e3 28.
Rd4 e2 29. Re1 Bc5 30. gxf5 gxf5 31. Rxe2 Re8 32. Rxe8+ Nxe8 33. Kf2 Bxd4+ 34.
cxd4 Kg7 35. Ke3 Nd6 36. Kf4 Kg6 37. Ke3 Kg5 38. d5 Nb5 39. a4 Nd6 40. Kd4 Kf4
41. Kc5 Ne4+ 42. Kxc4 Ke3 43. b4 f4 44. b5 axb5+ 45. axb5 f3 46. b6 f2 47. b7
f1=Q+ 0-1